Practical solid geometry / (Record no. 3011)
[ view plain ]
| 000 -LEADER | |
|---|---|
| fixed length control field | 00676cam a2200289ua 4500 |
| 041 ## - LANGUAGE CODE | |
| Language code of text/sound track or separate title | ben |
| 082 ## - DEWEY DECIMAL CLASSIFICATION NUMBER | |
| Classification number | 516.06 |
| Item number | RAJ/PR |
| 100 ## - MAIN ENTRY--AUTHOR NAME | |
| Personal name | Rajaraman, S. |
| 245 ## - TITLE STATEMENT | |
| Title | Practical solid geometry / |
| 250 ## - EDITION STATEMENT | |
| Edition statement | 7 / |
| 260 ## - PUBLICATION, DISTRIBUTION, ETC. (IMPRINT) | |
| Place of publication | Trivandrum : |
| Name of publisher | The St.Joseph Press , |
| Year of publication | 1964. |
| 300 ## - PHYSICAL DESCRIPTION | |
| Number of Pages | 150 ; . |
| 942 ## - ADDED ENTRY ELEMENTS (KOHA) | |
| Koha item type | Books |
| Withdrawn status | Lost status | Damaged status | Home library | Current library | Date acquired | Cost, normal purchase price | Full call number | Accession Number | Koha item type |
|---|---|---|---|---|---|---|---|---|---|
| Withdrawn | KAUAET | KAUAET | 07/04/2012 | 5.00 | 516.06 | 7160 | Books | ||
| Withdrawn | KAUAET | KAUAET | 07/04/2012 | 5.00 | 516.06 | 7161 | Books | ||
| Withdrawn | KAUAET | KAUAET | 07/04/2012 | 5.00 | 516.06 | 7162 | Books | ||
| Withdrawn | KAUAET | KAUAET | 07/04/2012 | 5.00 | 516.06 | 7163 | Books | ||
| Withdrawn | KAUAET | KAUAET | 07/04/2012 | 5.00 | 516.06 | 7164 | Books | ||
| Withdrawn | KAUAET | KAUAET | 07/04/2012 | 5.00 | 516.06 | 7165 | Books | ||
| Withdrawn | KAUAET | KAUAET | 07/04/2012 | 5.00 | 516.06 | 7166 | Books | ||
| Withdrawn | KAUAET | KAUAET | 07/04/2012 | 5.00 | 516.06 | 7167 | Books | ||
| Withdrawn | KAUAET | KAUAET | 07/04/2012 | 5.00 | 516.06 | 7168 | Books | ||
| Withdrawn | KAUAET | KAUAET | 07/04/2012 | 5.00 | 516.06 | 7169 | Books | ||
| Withdrawn | KAUAET | KAUAET | 19/06/2020 | 5.00 | 516.06 RAJ/PR | 7170 | Books | ||
| Withdrawn | Damaged | KAUAET | KAUAET | 19/06/2020 | 5.00 | 516.06 RAJ/PR | 7171 | Books |
